| 000 | 00461nam a22001337a 4500 | ||
|---|---|---|---|
| 999 |
_c528024 _d528024 |
||
| 008 | 241104b ||||| |||| 00| 0 eng d | ||
| 100 |
_aPullen, Alison and Rhodes, Carl _948527 |
||
| 245 | _a Alison Pullen and Carl Rhodes reviews love and hope: A rejoinder to Silvia Gherardi, Gina Grandy, and Emmanouela Mandalaki | ||
| 260 | _aOrganization | ||
| 300 | _a31(6), Sep, 2024: p.1015-1018 | ||
| 773 | _aOrganization | ||
| 906 | _aBOOK REVIEW | ||
| 942 | _cAR | ||